|
|
|
|
| LEADER |
00000nam0a2200000 4500 |
| 001 |
130325 |
| 005 |
20240802104012.0 |
| 035 |
|
|
|a (RuTPU)RU\TPU\book\141149
|
| 090 |
|
|
|a 130325
|
| 100 |
|
|
|a 20080201d1981 m y0rusy5003 ca
|
| 101 |
1 |
|
|a rus
|c fre
|
| 102 |
|
|
|a RU
|
| 105 |
|
|
|a a z 000ay
|
| 200 |
1 |
|
|a Средневековые французские фарсы
|e Сборник
|e пер. с фр.
|f сост., предисл. и коммент. А. Д. Михайлов
|
| 210 |
|
|
|a Москва
|c Искусство
|d 1981
|
| 215 |
|
|
|a 446 с.
|c ил.
|d 17 см.
|
| 606 |
1 |
|
|a Французская литература
|x Произведения
|9 81252
|
| 610 |
1 |
|
|a художественная литература
|
| 610 |
1 |
|
|a средневековая литература
|
| 610 |
1 |
|
|a фарсы
|
| 675 |
|
|
|a 84
|v 4
|
| 702 |
|
1 |
|a Михайлов
|b А. Д.
|4 220
|
| 801 |
|
0 |
|a RU
|b RuMRKP
|c 19950704
|g psbo
|
| 801 |
|
1 |
|a RU
|b 63413507
|c 20080201
|g PSBO
|
| 801 |
|
2 |
|a RU
|b 63413507
|c 20090901
|g PSBO
|
| 942 |
|
|
|c BK
|